| 000 | 00738nam a2200217 i 4500 | ||
|---|---|---|---|
| 001 | 142967 | ||
| 003 | ES-MaACL | ||
| 005 | 20260127145924.0 | ||
| 007 | t| | ||
| 008 | 071011s1905 cl |||| | spa d | ||
| 100 | 1 |
_aVicuña Subercaseaux, B. _9114410 |
|
| 245 | 1 | 3 |
_aLa ciudad de las ciudades : (correspondencias de París) / _cB. Vicuña Subercaseaux. |
| 260 |
_aSantiago de Chile : _bSoc. Imp. y Lit. Universo, _c1905. |
||
| 300 |
_aVI, 608 p. ; _c19 cm. |
||
| 530 | _aDisponible en formato digital. | ||
| 651 | 4 |
_aParís- _xDescripción. _99207 |
|
| 852 |
_aES-MaACL _jG-7561 _cSPP3 |
||
| 856 | 4 |
_uhttp://bdh-rd.bne.es/viewer.vm?id=0000052353&page=1 _yBiblioteca Digital Hispánica |
|
| 942 | _2udc | ||
| 999 |
_c142967 _d142967 |
||